The priests of ancient Egypt /

محفوظ في:

المؤلف الرئيسي: Sauneron, Serge (مؤلف)

مؤلفون آخرون: Morrissett, Ann

التنسيق: كتاب

اللغة: English
French

منشور في: New York : Grove Press, [1960].

سلاسل: Evergreen profile book ; 12.

الموضوعات:

الوسوم: إضافة وسم

لا توجد وسوم, كن أول من يضع وسما على هذه التسجيلة!

رقم الطلب: BL2443 .S283 1960

LEADER 00910nam a2200301I 4500
001 3570
003 OSt
005 20251006053756.0
008 130303s1960 nyua 000 0 eng d
010 |a 59010792 
015 |a GB61-9719 
040 |c ARCE Library 
041 1 |a eng  |h fre 
043 |a f-ua--- 
050 4 |a BL2443 .S283 1960 
100 1 |a Sauneron, Serge,  |e author 
240 1 0 |a Prêtres de l'ancienne Egypte.  |l English 
245 1 4 |a The priests of ancient Egypt /  |c Serge Sauneron ; Translated by Ann Morrissett. 
264 1 |a New York :  |b Grove Press,  |c [1960]. 
300 |a 191 pages :  |b illustrations ;  |c 18 cm. 
490 1 |a Evergreen profile book ;   |v 12. 
500 |a Translation of : Les prêtres de l'ancienne Égypte. 
650 0 |a Priests  |z Egypt. 
700 1 |a Morrissett, Ann,  |9 36246 
830 0 |a Evergreen profile book ;   |v 12. 
901 |a reviewed 
942 |c BK  |2 lcc 
999 |c 7936  |d 7936